| 000 | 00603nam a2200109Ia 4500 | ||
|---|---|---|---|
| 008 | 160531s9999 xx 000 0 und d | ||
| 100 | _aRafelski, Johann. | ||
| 245 | _aMelting Hadrons, Boiling Quarks: From Hagedorn Temperature to Ultra-Relativistic Heavy-Ion Collisions at CERN | ||
| 245 | _cAuthor: Johann Rafelski | ||
| 260 | _c2016 | ||
| 856 | _uhttp://download.springer.com/static/pdf/766/bok%253A978-3-319-17545-4.pdf?originUrl=http%3A%2F%2Flink.springer.com%2Fbook%2F10.1007%2F978-3-319-17545-4&token2=exp=1463112082~acl=%2Fstatic%2Fpdf%2F766%2Fbok%25253A978-3-319-17545-4.pdf%3ForiginUrl%3Dhttp%25 | ||
| 999 |
_c295310 _d295310 |
||